FC Bayern Rückennummerhistorie #18 - Statistiken

Allgemein
  • Dieses Quiz wurde 17 mal gespielt
  • Das Durchschnittsergebnis liegt bei 2 aus 10
Antwortstatistiken
Jahr(e) Spieler % Korrekt
2018-2021 Leon Goretzka
60%
2007-2011 Miroslav Klose
40%
2014-2017 Juan Bernat
33%
1995-97 Jürgen Klinsmann
27%
2004-2007 Andreas Görlitz
13%
2023-2025 Daniel Peretz
13%
1997-2008 Michael Tarnat
13%
2017/18 Franck Evina
7%
2021-2023 Marcel Sabitzer
7%
2003/04 Markus Grünberger
7%
Keine übereinstimmenden Quizze gefunden
Verteilung der Resultate
Anzahl Personen mit jedem Resultat
Perzentil nach korrekt beantworteten Fragen
Ihre Resultats-Entwicklung
Sie haben dieses Quiz noch nicht gespielt